| 000 | 04888cam a2200493Ki 4500 | ||
|---|---|---|---|
| 999 |
_c27187 _d27187 |
||
| 006 | m o d | ||
| 007 | cr cnu|||||uau | ||
| 008 | 190711s2020 enk ob 001 0 eng d | ||
| 020 |
_a9780429058585 _q(electronic bk.) |
||
| 020 |
_a0429058586 _q(electronic bk.) |
||
| 020 |
_a9780429597466 _q(electronic bk. : Mobipocket) |
||
| 020 |
_a0429597460 _q(electronic bk. : Mobipocket) |
||
| 020 |
_a9780429602986 _q(electronic bk. : EPUB) |
||
| 020 |
_a0429602987 _q(electronic bk. : EPUB) |
||
| 020 |
_a0429608500 _q(electronic bk. : PDF) |
||
| 020 |
_a9780429608506 _q(electronic bk.) |
||
| 040 |
_aOCoLC-P _beng _erda _epn |
||
| 072 | 7 |
_aHIS _x003000 _2bisacsh |
|
| 072 | 7 |
_aHIS _x027000 _2bisacsh |
|
| 072 | 7 |
_aPOL _x011000 _2bisacsh |
|
| 072 | 7 |
_aJW _2bicssc |
|
| 082 | 0 | 4 |
_a387.51095 _223 |
| 245 | 0 | 4 |
_aThe 21st century maritime silk road : _bchallenges and opportunities for Asia and Europe / _cedited by Keyuan Zou, Shicun Wu and Qiang Ye. |
| 250 | _aFirst edition. | ||
| 260 |
_aLondon _bTaylor & Francis Group _c2019 |
||
| 300 | _a1 online resource (xviii, 272 pages). | ||
| 490 | 1 | _aContemporary issues in the South China Sea | |
| 505 | 0 | _a1. Introduction, Keyuan Zou, Shicun Wu, and Qiang Ye Part 1: Maritime Silk Road and Challenges to Asia-Europe Cooperation 2. An EU Perspective on the Maritime Silk Road: Legal Issues, Jörn Axel Kämmerer 3. The Northern Sea Route in the Context of China's Maritime Silk Road Initiative, Erik Franckx 4. The Challenge to the Maritime Silk Road to Port Connectivity, Renping Zhang and Shihui Yu Part 2: Sea Lanes of Communication and Navigational Safety 5. Maritime Silk Road Initiative Changing Geopolitical Configuration in the Indo-Pacific, Fu-Kuo Liu 6. Maritime Security and Sea Lanes of Communication: Geographical Perspective on Belt and Road Initiative, Vivian Louis Forbes 7. SLOCs Security in the South China Sea: Enhancing or Hindering the Maritime Silk Road? Keyuan Zou and Qiang Ye 8. The Polar Code's Suitability as Legal Protection Against Negative Externalities in the Arctic as Part of the Polar Silk Road? Christian Frier and Kim Østergaard Part 3: Environmental Security and Marine Resources Cooperation 9. Climate Law Implications of the Maritime Silk Road Initiative, Lorenzo Schiano di Pepe 10. Environmental Security in the South China Sea: Cooperation and Challenges under the Maritime Silk Road Initiative, Lei Zhang 11. Protection of the Marine Environment in the South China Sea in the Aftermath of the Philippines/China Arbitration, Sophia Kopela 12. Conciliation for Marine Transboundary Energy Resources. A Law and Economics Approach, Volker Röben and Rafael Emmanuel Macatangay 13. Cooperation on Fisheries Management in the South China Sea, Lingqun Li Part 4: Handling Financial and Trade Issues 14. Prospects for the Integration of Environmental, Social, and Cultural Sustainability within the Belt and Road Initiative: Case Study of the Duqm Port Development Project in Oman, David M. Ong 15. The New Maritime Silk Road and WTO Law: Road to Harmony or Conflict? Henrik Anderson | |
| 520 | _aThis book explores the opportunities and challenges that both Europe and Asia face under the framework of the 21st Century Maritime Silk Road Initiative. The 21st Century Maritime Silk Road Initiative (MSR Initiative), put forward by the Chinese government together with the Silk Road Economic Belt, reflects China's ambition and vision to shape the global economic and political order. The first step and priority under the MSR Initiative, according to documents issued by China, is to build three 'Blue Economic Passages' linking China with the rest of the world at sea, two of which will connect China with Europe. This initiative, however, still faces enormous challenges of geopolitical suspicion and security risks. This book seeks to assess these risks and their causes for the cooperation between the Eurasian countries under the framework of MSR and puts forward suggestions to deal with these risks in the interdisciplinary perspectives of international relations and international law. Featuring a global team of contributors, this book will be of much interest to students of Asian politics, maritime security, international law and international relations. | ||
| 650 | 0 |
_aMerchant marine _zAsia. |
|
| 650 | 0 |
_aMerchant marine _zEurope. |
|
| 650 | 0 |
_aTrade routes _zAsia. |
|
| 650 | 0 |
_aTrade routes _zEurope. |
|
| 650 | 7 |
_aHISTORY / Asia / General _2bisacsh |
|
| 650 | 7 |
_aHISTORY / Military / General _2bisacsh |
|
| 650 | 7 |
_aPOLITICAL SCIENCE / International Relations / General _2bisacsh |
|
| 651 | 0 | _aSilk Road. | |
| 700 | 1 |
_aZou, Keyuan, _eeditor. |
|
| 700 | 1 |
_aWu, Shicun, _eeditor. |
|
| 700 | 1 |
_aYe, Qiang, _eeditor |
|
| 856 | 4 | 0 | _uhttps://www.taylorfrancis.com/books/9780429058585 |
| 856 | 4 | 2 | _uhttp://www.oclc.org/content/dam/oclc/forms/terms/vbrl-201703.pdf |
| 942 | _cEBK | ||